Ideales patrióticos de Ercilia Pepín / (Record no. 24682)
[ view plain ]
| 000 -CABECERA | |
|---|---|
| campo de control de longitud fija | 00926nam a2200241 a 4500 |
| 001 - NÚMERO DE CONTROL | |
| campo de control | 000025189 |
| 005 - FECHA Y HORA DE LA ÚLTIMA TRANSACCIÓN | |
| campo de control | 20240226144121.0 |
| 008 - DATOS DE LONGITUD FIJA--INFORMACIÓN GENERAL | |
| campo de control de longitud fija | 110211s2005 dr r 000 0 spa d |
| 040 ## - FUENTE DE LA CATALOGACIÓN | |
| Centro catalogador/agencia de origen | DO-SdBNP |
| Lengua de catalogación | spa |
| Centro/agencia transcriptor | BNPHU |
| 082 ## - NÚMERO DE LA CLASIFICACIÓN DECIMAL DEWEY | |
| Número de clasificación | 923.7 |
| Número de documento/Ítem | P422H |
| 100 1# - ENTRADA PRINCIPAL--NOMBRE DE PERSONA | |
| Nombre de persona | Hernández, Pablo María |
| 9 (RLIN) | 43451 |
| 245 10 - MENCIÓN DE TÍTULO | |
| Título | Ideales patrióticos de Ercilia Pepín / |
| Mención de responsabilidad, etc. | Pablo María Hernández ; prólogo Augusto Bravo. |
| 260 ## - PUBLICACIÓN, DISTRIBUCIÓN, ETC. | |
| Lugar de publicación, distribución, etc. | Santo Domingo : |
| Nombre del editor, distribuidor, etc. | Universidad Autónoma de Santo Domingo, |
| Fecha de publicación, distribución, etc. | 2005. |
| 300 ## - DESCRIPCIÓN FÍSICA | |
| Extensión | 46 p. ; |
| Dimensiones | 21 cm. |
| 490 1# - MENCIÓN DE SERIE | |
| Mención de serie | Publicaciones de la Universidad Autónoma de Santo Domingo |
| Designación de volumen o secuencia | 756 |
| 490 1# - MENCIÓN DE SERIE | |
| Mención de serie | Educación y sociedad |
| Designación de volumen o secuencia | 59 |
| 504 ## - NOTA DE BIBLIOGRAFÍA, ETC. | |
| Nota de bibliografía, etc. | Bibliografía : p. 45-46 |
| 590 ## - NOTA LOCAL (RLIN) | |
| Nota local | Inventariado, 2019/BT |
| 600 10 - PUNTO DE ACCESO ADICIONAL DE MATERIA--NOMBRE DE PERSONA | |
| Nombre de persona | Pepín, Ercilia, |
| Fechas asociadas al nombre | 1886-1939 |
| 9 (RLIN) | 6456 |
| 700 1# - PUNTO DE ACCESO ADICIONAL--NOMBRE DE PERSONA | |
| Nombre de persona | Bravo, Augusto |
| Término indicativo de función/relación | pról. |
| 9 (RLIN) | 51671 |
| 830 #0 - PUNTO DE ACCESO ADICIONAL DE SERIE-TÍTULO UNIFORME | |
| Título uniforme | Publicaciones de la Universidad Autónoma de Santo Domingo |
| Número de parte o sección de la obra | 756 |
| 9 (RLIN) | 51672 |
| 830 #0 - PUNTO DE ACCESO ADICIONAL DE SERIE-TÍTULO UNIFORME | |
| Título uniforme | Educación y sociedad |
| Número de parte o sección de la obra | 59 |
| 9 (RLIN) | 51673 |
| Estado de retiro | Estado de pérdida | No para préstamo | Código de colección | Localización permanente | Ubicación/localización actual | Ubicación en estantería | Fecha de adquisición | Número de inventario | Total de préstamos | Signatura topográfica completa | Código de barras | Fecha visto por última vez | Precio válido a partir de | Tipo de ítem Koha |
|---|---|---|---|---|---|---|---|---|---|---|---|---|---|---|
| Excluido de préstamo | Patrimonio Dominicano | Patrimonio Dominicano | Patrimonio Dominicano | Depósito | 11.02.2011 | LF1 | 923.7 P422H | 25189-10 | 25.06.2020 | 25.06.2020 | Libro y Folleto Colección Patrimonio Dominicano |
